000 00654nam a2200265Ia 4500
003 OSt
005 20231106144920.0
008 210331s9999||||xx |||||||||||||| ||und||
040 _cSTCPL
041 _aENG
082 _a512
_bDAS-A
100 _aDas, A. N.
245 0 _aAdvanced higher algebra :
_bclassical,linear,abstract,boolean /
_cby A.N. Das
250 _a2nd. ed.
260 _aKolkata :
_bBook And Allied Ltd. ,
_c2013 .
300 _a669 p.
_bPB
650 _aMathematics
650 _aComplex number
650 _aFundamental operations
650 _aMatrices
942 _cBK
942 _2ddc
942 _2ddc
942 _2ddc
999 _c70821
_d70821